Statistiques concernant Pokémon Platine - Les capacités de type Plante

Cliquez ici pour prendre le quiz!

Statistiques générales

  • Ce quiz a été pris 17 fois
  • Le résultat moyen est 19 sur 29

Statistiques - réponses

GenCatégorieCapacité% Correct
IPhysiqueTranch'Herbe
94%
IPhysiqueFouet Lianes
88%
IIIPhysiqueLame-Feuille
88%
ISpécialeLance-Soleil
88%
ISpécialeMéga-Sangsue
88%
IStatutPara-Spore
88%
IVSpécialeTempêteverte
88%
ISpécialeVol-Vie
88%
IIISpécialeFeuillemagik
82%
IVPhysiqueMartobois
82%
IIISpécialeVégé-Attak
82%
ISpécialeDanse-Fleur
76%
IStatutPoudre Dodo
76%
IStatutSpore
76%
IStatutVampigraine
71%
IIIPhysiqueBalle Graine
65%
IVSpécialeÉco-Sphère
65%
IVSpécialeNoeud Herbe
65%
IVPhysiqueCanon Graine
59%
IIIStatutRacines
59%
IIIStatutSiffl'Herbe
59%
IIStatutSynthèse
53%
IIStatutSpore Coton
47%
IIIStatutAromathérapi
41%
IIIPhysiquePoing-Dard
41%
IVSpécialeFulmigraine
35%
IISpécialeGiga-Sangsue
35%
IVStatutSoucigraine
35%
IVPhysiqueMégafouet
29%

Distribution des résultats

Percentile par nombre de réponses

% des personnes avec chaque résultat

Votre développement - résultats

Vous n’avez pas pris ce quiz